[Event "IV Festival Magistrale"]
[Site "Aosta ITA"]
[Date "1989.12.??"]
[Round "?"]
[White "Kovacevic, Slobodan"]
[Black "Pigusov, Evgeny A."]
[WhiteElo "2375"]
[BlackElo "2560"]
[Result "0-1"]
[PlyCount "94"]
[EventDate "1989.12.02"]

1. d4 Nf6 2. Nf3 g6 3. c3 Bg7 4. Bg5 b6 5. Nbd2 Bb7 6. Qc2 h6 7. Bh4 d6 8. e4
Nh5 9. Nc4 O-O 10. Ne3 Qe8 11. a4 e6 12. g4 Nf4 13. Nd2 f5 14. f3 fxe4 15. fxe4
d5 16. O-O-O dxe4 17. Bb5 c6 18. Bc4 c5 19. dxc5 Nd3+ 20. Kb1 Nxc5 21. Rhf1 Bc6
22. Rxf8+ Bxf8 23. b3 Nbd7 24. Be2 Ne5 25. Ndc4 Ned3 26. Bg3 Rd8 27. Ne5 Bg7
28. N3c4 Bd5 29. Nxd3 exd3 30. Bxd3 Nxd3 31. Qxd3 Be4 32. Qxe4 Rxd1+ 33. Kc2
Rd5 34. Ne3 Rd8 35. Nc4 g5 36. Bc7 Rd5 37. Bg3 Qf7 38. Be1 Qf6 39. b4 Rd8 40.
Kb3 Qe7 41. Bg3 Qd7 42. Nd6 e5 43. Nf5 Qe6+ 44. Kb2 Rd2+ 45. Kc1 Qa2 46. Ne7+
Kf7 47. Qg6+ Kf8 0-1

[Event "IV Festival Magistrale"]
[Site "Aosta ITA"]
[Date "1989.12.??"]
[Round "?"]
[White "Laketic, Gojko"]
[Black "Mascarinas, Rico"]
[WhiteElo "2405"]
[BlackElo "2485"]
[Result "0-1"]
[PlyCount "118"]
[EventDate "1989.12.02"]

1. e4 c5 2. Nf3 e6 3. d4 cxd4 4. Nxd4 Nf6 5. Bd3 Nc6 6. Nxc6 bxc6 7. O-O d6 8.
c4 Nd7 9. Nc3 Be7 10. Be3 c5 11. f4 O-O 12. Rc1 Bb7 13. Rf2 a6 14. Rd2 e5 15.
Be2 Qc7 16. Bg4 Nf6 17. fxe5 dxe5 18. Bf3 Qa5 19. b3 Rac8 20. Qe1 Rfd8 21. Nd5
Bxd5 22. cxd5 c4 23. bxc4 Bc5 24. Re2 Bxe3+ 25. Rxe3 Qxe1+ 26. Rexe1 Rc5 27.
Re3 Ne8 28. Ra3 a5 29. Be2 Nd6 30. Bd3 g6 31. Kf2 f5 32. exf5 gxf5 33. g3 Kg7
34. Ke3 Kf6 35. Be2 Rdc8 36. Rac3 h5 37. Rb3 Rxd5 38. cxd5 Rxc1 39. Rb6 Ke7 40.
Rc6 Rh1 41. Rc7+ Kd8 42. Ra7 Rxh2 43. Rxa5 h4 44. Ra6 Kc7 45. Ra7+ Kb6 46. Ra6+
Kc5 47. Ra5+ Kb4 48. Ra6 hxg3 49. Rxd6 f4+ 50. Kd3 g2 51. a3+ Kxa3 52. Ra6+ Kb4
53. Rb6+ Ka5 54. Rb1 Rh1 55. Bf3 Rxb1 56. Bxg2 Re1 57. d6 Kb6 58. Kc4 Rd1 59.
Bd5 Rd4+ 0-1

[Event "IV Festival Magistrale"]
[Site "Aosta ITA"]
[Date "1989.12.??"]
[Round "?"]
[White "Manca, Federico"]
[Black "Ivanovic, Bozidar"]
[WhiteElo "2360"]
[BlackElo "2545"]
[Result "0-1"]
[PlyCount "68"]
[EventDate "1989.12.02"]

1. e4 c5 2. c3 e6 3. d4 d5 4. e5 Qd7 5. Bd3 Ne7 6. f4 b6 7. Qe2 a5 8. Na3 Nec6
9. Nf3 Ba6 10. O-O Bxd3 11. Qxd3 c4 12. Qb1 Na6 13. b3 cxb3 14. Qxb3 Nc7 15.
Rb1 Rb8 16. Nb5 Nxb5 17. Qxb5 Be7 18. a4 O-O 19. Rb3 Rfc8 20. Be3 Rb7 21. Rfb1
Nb8 22. Bd2 Rc4 23. Qxa5 bxa5 24. Rxb7 Qd8 25. Rxb8 Rc8 26. R8b7 h6 27. Ra7 Ra8
28. Rab7 Bf8 29. g4 Qe8 30. g5 hxg5 31. fxg5 Qxa4 32. h4 Qc2 33. R1b2 Qd3 34.
Kg2 a4 0-1

[Event "IV Festival Magistrale"]
[Site "Aosta ITA"]
[Date "1989.12.??"]
[Round "?"]
[White "Markotic, Gordan"]
[Black "Drasko, Milan"]
[WhiteElo "2360"]
[BlackElo "2485"]
[Result "0-1"]
[PlyCount "44"]
[EventDate "1989.12.02"]

1. d4 e6 2. c4 Nf6 3. Nc3 Bb4 4. e3 c5 5. a3 Bxc3+ 6. bxc3 O-O 7. Bd3 Nc6 8.
Ne2 b6 9. e4 Ne8 10. O-O Ba6 11. Ng3 Rc8 12. f4 cxd4 13. cxd4 Nxd4 14. f5 f6
15. Rf4 Bxc4 16. Bxc4 Rxc4 17. fxe6 dxe6 18. e5 Qd5 19. Bb2 Rc2 20. Qf1 Rxb2
21. Rd1 Qb3 22. exf6 Rxf6 0-1

[Event "IV Festival Magistrale"]
[Site "Aosta ITA"]
[Date "1989.12.??"]
[Round "?"]
[White "Miljanic, Boro"]
[Black "Rogers, Ian"]
[WhiteElo "2410"]
[BlackElo "2470"]
[Result "0-1"]
[PlyCount "60"]
[EventDate "1989.12.02"]

1. e4 c5 2. b3 b6 3. Bb2 Bb7 4. Nc3 e6 5. Nf3 d6 6. g3 a6 7. Bg2 Nd7 8. d4 cxd4
9. Nxd4 Ngf6 10. O-O Qc7 11. Qe2 Be7 12. Rad1 Rc8 13. g4 g5 14. h3 h6 15. Qe3
h5 16. gxh5 Rxh5 17. Nce2 Rh4 18. Ng3 Ne5 19. f4 Rxf4 20. Rxf4 gxf4 21. Qxf4
Qc5 22. Kh2 b5 23. c3 Kd7 24. Nf3 Nxf3+ 25. Qxf3 Qe5 26. Kh1 Rg8 27. Rd3 Nxe4
28. Nxe4 Rxg2 29. Nc5+ Ke8 30. Qxb7 Qh2# 0-1

[Event "IV Festival Magistrale"]
[Site "Aosta ITA"]
[Date "1989.12.??"]
[Round "?"]
[White "Moskalenko, Viktor"]
[Black "Indjic, Dusan"]
[WhiteElo "2500"]
[BlackElo "2360"]
[Result "1-0"]
[PlyCount "65"]
[EventDate "1989.12.02"]

1. d4 Nf6 2. c4 c5 3. d5 g6 4. Nc3 Bg7 5. e4 d6 6. Bd3 O-O 7. Nf3 a6 8. O-O e6
9. h3 exd5 10. exd5 b5 11. cxb5 Nbd7 12. a4 axb5 13. Bxb5 Ba6 14. Bf4 Nb6 15.
Re1 Bxb5 16. Nxb5 Ne8 17. Bg5 Bf6 18. h4 Kg7 19. Qd2 Bxg5 20. hxg5 Rxa4 21.
Rxa4 Nxa4 22. Nbd4 Qd7 23. Nc6 Qf5 24. Qa5 Qc2 25. Qd8 Qxb2 26. Rxe8 Qc1+ 27.
Kh2 Qf4+ 28. Kh3 Rxe8 29. Qxe8 h6 30. gxh6+ Qxh6+ 31. Kg3 Nc3 32. Nd8 f5 33.
Ne6+ 1-0

[Event "IV Festival Magistrale"]
[Site "Aosta ITA"]
[Date "1989.12.??"]
[Round "?"]
[White "Negro, Roberto"]
[Black "Vehi Bach, Victor Manuel"]
[WhiteElo "1900"]
[BlackElo "2385"]
[Result "1-0"]
[PlyCount "57"]
[EventDate "1989.12.02"]

1. d4 Nf6 2. c4 e6 3. Nc3 Bb4 4. a3 Bxc3+ 5. bxc3 c5 6. e3 d6 7. Bd3 Nc6 8. Ne2
e5 9. O-O e4 10. Bb1 O-O 11. Ng3 Qe7 12. f3 exf3 13. Qxf3 Na5 14. e4 Ne8 15.
Bf4 Be6 16. d5 Bd7 17. Bd3 g6 18. Rae1 f6 19. h4 h5 20. Qe3 Ng7 21. e5 dxe5 22.
Bxg6 Nxc4 23. Qd3 Nd6 24. c4 Be8 25. Bh6 Bxg6 26. Qxg6 Qf7 27. Qd3 Rae8 28.
Bxg7 Kxg7 29. Rxf6 1-0

[Event "IV Festival Magistrale"]
[Site "Aosta ITA"]
[Date "1989.??.??"]
[Round "?"]
[White "Novoselski, Zoran"]
[Black "Godena, Michele"]
[WhiteElo "2360"]
[BlackElo "2405"]
[Result "0-1"]
[PlyCount "61"]
[EventDate "1989.12.02"]

1. e4 e5 2. Nf3 Nc6 3. Bb5 g6 4. d4 exd4 5. Nxd4 Bg7 6. c3 Nge7 7. O-O O-O 8.
Bg5 Nxd4 9. cxd4 f6 10. Bf4 d5 11. Qb3 Kh8 12. e5 a6 13. Qa3 Nf5 14. exf6 Qxf6
15. Be5 Qf7 16. Qa4 axb5 17. Qxa8 Ne3 18. f3 Bxe5 19. dxe5 Nxf1 20. Kxf1 Qf4
21. Qa5 Qxh2 22. Qc3 d4 23. Qxd4 Bh3 24. e6+ Kg8 25. Nd2 Qxg2+ 26. Ke1 Bxe6 27.
b3 Re8 28. Kd1 Bf5 29. Kc1 c5 30. Qf6 Re1+ 31. Kb2 0-1

[Event "IV Festival Magistrale"]
[Site "Aosta ITA"]
[Date "1989.12.??"]
[Round "?"]
[White "Paunovic, Tomislav"]
[Black "Moskalenko, Viktor"]
[WhiteElo "2420"]
[BlackElo "2500"]
[Result "1-0"]
[PlyCount "96"]
[EventDate "1989.12.02"]

1. d4 e6 2. Nf3 f5 3. c4 Nf6 4. g3 c6 5. Bg2 d5 6. O-O Bd6 7. b3 Qe7 8. Bb2 O-O
9. Nbd2 a5 10. Ne5 a4 11. bxa4 Nbd7 12. Nd3 Ne4 13. c5 Bc7 14. f3 Nxd2 15. Qxd2
b6 16. Qc2 bxc5 17. Ba3 Bd6 18. dxc5 Be5 19. Rab1 Bd4+ 20. Kh1 Ba6 21. Rfd1
Rfc8 22. e4 Bxd3 23. Rxd3 Bxc5 24. Bxc5 Qxc5 25. Rc3 Qd6 26. exd5 exd5 27. Qxf5
d4 28. Rc4 Rab8 29. Rd1 c5 30. f4 Nb6 31. Rcc1 g6 32. Qg5 c4 33. f5 Rc5 34. Qg4
d3 35. fxg6 h5 36. Qf3 Rf8 37. Qe3 Re5 38. Qh6 Qe7 39. a5 Rxa5 40. Rf1 Rxf1+
41. Rxf1 Qg7 42. Qf4 Re5 43. Qd4 Qc7 44. Qf2 Qe7 45. Qxb6 Re1 46. Qd4 Rxf1+ 47.
Bxf1 Qb7+ 48. Kg1 Qb5 1-0

[Event "IV Festival Magistrale"]
[Site "Aosta ITA"]
[Date "1989.12.??"]
[Round "?"]
[White "Rogers, Ian"]
[Black "Godena, Michele"]
[WhiteElo "2470"]
[BlackElo "2405"]
[Result "0-1"]
[PlyCount "96"]
[EventDate "1989.12.02"]

1. e4 e5 2. Nf3 Nc6 3. Bc4 Nf6 4. d3 Be7 5. Nc3 d6 6. a3 h6 7. h3 Nd7 8. Be3
Bf6 9. Ba2 Nb6 10. Ne2 Qe7 11. Qd2 Be6 12. c4 Nd7 13. b4 a5 14. O-O axb4 15.
axb4 O-O 16. Bb3 Rfb8 17. Ba4 Qd8 18. Ra3 Ne7 19. Rfa1 c6 20. Ng3 b5 21. cxb5
cxb5 22. Bd1 Rxa3 23. Rxa3 d5 24. Qb2 Ra8 25. Bb3 d4 26. Bd2 Nc6 27. Nf5 Nb6
28. Nh2 Bxb3 29. Qxb3 Rxa3 30. Qxa3 Qa8 31. Qc1 Ne7 32. Ng4 Nxf5 33. Nxf6+ gxf6
34. exf5 Qc8 35. Bxh6 Qxf5 36. Qc6 Na4 37. Qxb5 Nc3 38. Qe8+ Kh7 39. Bd2 Kg7
40. Kh2 Qxf2 41. Bc1 Ne2 42. Bh6+ Kxh6 43. Qh8+ Kg5 44. h4+ Kg4 45. Qg7+ Kxh4
46. Qh7+ Kg4 47. Qg7+ Kf5 48. Kh3 Ng1+ 0-1

[Event "IV Festival Magistrale"]
[Site "Aosta ITA"]
[Date "1989.12.??"]
[Round "?"]
[White "Rogers, Ian"]
[Black "Kiss, Attila"]
[WhiteElo "2470"]
[BlackElo "2355"]
[Result "1-0"]
[PlyCount "63"]
[EventDate "1989.12.02"]

1. e4 c5 2. Nf3 Nc6 3. Bb5 g6 4. O-O Bg7 5. c3 a6 6. Bxc6 dxc6 7. d3 b6 8. Bf4
a5 9. Qa4 Bd7 10. Qc2 Nf6 11. a4 Nh5 12. Be3 O-O 13. Nbd2 Qc7 14. Nc4 Be6 15.
Rfe1 h6 16. h3 Rfd8 17. Rad1 Rab8 18. e5 Bxc4 19. dxc4 Bxe5 20. Nxe5 Qxe5 21.
Bxh6 Rxd1 22. Qxd1 Qd6 23. Qe2 Rb7 24. Rd1 Qf6 25. Qe3 e5 26. Bg5 Qe6 27. Rd8+
Kg7 28. g4 Nf6 29. Qg3 Ne8 30. Qh4 f6 31. Bxf6+ Kf7 32. Bh8 1-0

[Event "IV Festival Magistrale"]
[Site "Aosta ITA"]
[Date "1989.12.??"]
[Round "?"]
[White "Sahovic, Dragutin"]
[Black "Vera Gonzalez-Quevedo, Reynaldo"]
[WhiteElo "2370"]
[BlackElo "2480"]
[Result "0-1"]
[PlyCount "112"]
[EventDate "1989.12.02"]

1. d4 Nf6 2. c4 e6 3. Nf3 c5 4. d5 exd5 5. cxd5 d6 6. Nc3 g6 7. e4 Bg7 8. Bf4
a6 9. a4 Bg4 10. Be2 Bxf3 11. Bxf3 O-O 12. O-O Qe7 13. Re1 Nbd7 14. Qd2 h5 15.
Bh6 Ne5 16. Be2 Bxh6 17. Qxh6 Nfg4 18. Bxg4 hxg4 19. h3 Qf6 20. Re3 Qh8 21.
Qxh8+ Kxh8 22. hxg4 Nxg4 23. Re2 Rab8 24. f3 Ne5 25. f4 Nd3 26. g3 Rfe8 27. Kg2
Kg7 28. Kf3 c4 29. Nd1 Nc5 30. Nf2 f6 31. Ng4 b5 32. axb5 Rxb5 33. Rc1 Rb4 34.
e5 dxe5 35. fxe5 Nd3 36. Ra1 Rb3 37. Kg2 Nxe5 38. Nxe5 Rxe5 39. Rxe5 fxe5 40.
Rxa6 e4 41. Rc6 Rxb2+ 42. Kf1 Rc2 43. Re6 c3 44. Rc6 e3 45. Ke1 Kf7 46. Rc4 Ke7
47. Re4+ Kd6 48. Rxe3 Kxd5 49. Kd1 Rd2+ 50. Kc1 Kc4 51. Re6 g5 52. Rg6 Rd5 53.
Kc2 Rf5 54. Rc6+ Kd4 55. Rd6+ Ke3 56. Kxc3 g4 0-1

[Event "IV Festival Magistrale"]
[Site "Aosta ITA"]
[Date "1989.12.??"]
[Round "?"]
[White "Sarno, Spartaco"]
[Black "Garcia Gonzales, Guillermo"]
[WhiteElo "2295"]
[BlackElo "2510"]
[Result "0-1"]
[PlyCount "112"]
[EventDate "1989.12.02"]

1. d4 Nf6 2. c4 e6 3. Nf3 c5 4. d5 exd5 5. cxd5 d6 6. Nc3 g6 7. e4 Bg7 8. h3
O-O 9. Bd3 b5 10. Nxb5 Nxe4 11. Bxe4 Re8 12. Nd2 Ba6 13. a4 Qa5 14. Nxd6 Nd7
15. Qc2 f5 16. Kd1 fxe4 17. N2c4 Bxc4 18. Nxc4 Qa6 19. Re1 Nb6 20. Nxb6 axb6
21. Bf4 Rad8 22. d6 Be5 23. Bxe5 Rxe5 24. Ra3 Rxd6+ 25. Kc1 Rd4 26. Kb1 Kg7 27.
Qe2 Qa5 28. f3 Rd2 29. Qe3 Rxg2 30. fxe4 Qd2 31. Qxd2 Rxd2 32. Rb3 Re6 33. e5
Rd4 34. Ra3 Rd5 35. Rae3 g5 36. Kc2 Kg6 37. Kc3 Rd4 38. b3 h5 39. Rd3 Rxd3+ 40.
Kxd3 Kf5 41. Kc4 Rxe5 42. Rf1+ Kg6 43. Kb5 Re6 44. Rg1 Rf6 45. Rg2 Kf5 46. Rf2+
Ke5 47. Rg2 Rg6 48. a5 bxa5 49. Kxc5 Kf4 50. Kb5 Re6 51. Kxa5 Re3 52. Rf2+ Kg3
53. Rf5 Kh4 54. b4 Ra3+ 55. Kb6 Rxh3 56. b5 g4 0-1

[Event "IV Festival Magistrale"]
[Site "Aosta ITA"]
[Date "1989.12.??"]
[Round "?"]
[White "Sarno, Spartaco"]
[Black "Vukovic, Ivo"]
[WhiteElo "2295"]
[BlackElo "2320"]
[Result "1-0"]
[PlyCount "45"]
[EventDate "1989.12.02"]

1. d4 d5 2. c4 e6 3. Nc3 Nf6 4. Nf3 Be7 5. cxd5 exd5 6. Bg5 O-O 7. e3 Nbd7 8.
Bd3 Re8 9. Qc2 Nf8 10. O-O c6 11. Rab1 Bd6 12. b4 Bg4 13. Nd2 Bd7 14. Bxf6 Qxf6
15. Rfc1 Ng6 16. Nf1 Nh4 17. Ng3 Qh6 18. b5 Re6 19. bxc6 bxc6 20. Rb7 Bc8 21.
Rb3 Rf6 22. Nxd5 cxd5 23. Qc6 1-0

[Event "IV Festival Magistrale"]
[Site "Aosta ITA"]
[Date "1989.12.??"]
[Round "?"]
[White "Sericano, Claudio"]
[Black "Vukovic, Zdravko"]
[WhiteElo "2185"]
[BlackElo "2410"]
[Result "1-0"]
[PlyCount "27"]
[EventDate "1989.12.02"]

1. d4 d5 2. c4 e6 3. Nc3 Be7 4. Nf3 Nf6 5. Bg5 O-O 6. Qc2 Nbd7 7. O-O-O a6 8.
e4 Nxe4 9. Bxe7 Qxe7 10. Nxe4 dxe4 11. Qxe4 Nf6 12. Qh4 c5 13. Bd3 b5 14. Bxh7+
1-0

[Event "IV Festival Magistrale"]
[Site "Aosta ITA"]
[Date "1989.??.??"]
[Round "?"]
[White "Tradardi, Mario"]
[Black "Farago, Ivan"]
[WhiteElo "2020"]
[BlackElo "2495"]
[Result "1/2-1/2"]
[PlyCount "37"]
[EventDate "1989.12.02"]

1. e4 e6 2. d4 d5 3. Nc3 Bb4 4. e5 Ne7 5. Bd2 c5 6. Nb5 Bxd2+ 7. Qxd2 O-O 8.
dxc5 Nd7 9. Qc3 a6 10. Nd6 Nc6 11. f4 f6 12. Nf3 fxe5 13. fxe5 d4 14. Nxd4 Qh4+
15. g3 Qxd4 16. Qxd4 Nxd4 17. O-O-O Nf5 18. Nxc8 Nxc5 19. Nb6 1/2-1/2

[Event "IV Festival Magistrale"]
[Site "Aosta ITA"]
[Date "1989.12.??"]
[Round "?"]
[White "Vera Gonzalez-Quevedo, Reynaldo"]
[Black "Gallagher, Joseph G."]
[WhiteElo "2480"]
[BlackElo "2445"]
[Result "1-0"]
[PlyCount "87"]
[EventDate "1989.12.02"]

1. d4 Nf6 2. Nf3 g6 3. Bf4 Bg7 4. e3 d6 5. h3 O-O 6. Be2 Nbd7 7. O-O Ne4 8. Bh2
b6 9. Nbd2 Nxd2 10. Qxd2 Bb7 11. c4 e5 12. Rfd1 Qe7 13. Rac1 a5 14. b3 Rfe8 15.
dxe5 Nxe5 16. Nd4 Qg5 17. Bf1 Rad8 18. Bf4 Qe7 19. Nb5 f5 20. Nc3 Rc8 21. Nd5
Qe6 22. a3 Kh8 23. b4 axb4 24. axb4 Qf7 25. Ra1 Ra8 26. Rxa8 Rxa8 27. Nxb6 cxb6
28. Qxd6 Re8 29. Qxb6 Ba8 30. Rd8 Qe7 31. Rxe8+ Qxe8 32. b5 Qc8 33. Qa7 h6 34.
c5 Qb7 35. Qa5 Kh7 36. Qd8 Qe4 37. Bxe5 Bxe5 38. Qd7+ Bg7 39. c6 f4 40. exf4
Qxf4 41. b6 Qd4 42. b7 Bxb7 43. Qxb7 Qd5 44. g3 1-0

[Event "IV Festival Magistrale"]
[Site "Aosta ITA"]
[Date "1989.12.??"]
[Round "?"]
[White "Zakic, Srdjan"]
[Black "Cvetkovic, Srdjan"]
[WhiteElo "2315"]
[BlackElo "2460"]
[Result "1-0"]
[PlyCount "69"]
[EventDate "1989.12.02"]

1. e4 c5 2. Nf3 e6 3. d4 cxd4 4. Nxd4 Nf6 5. Nc3 d6 6. g4 Nc6 7. g5 Nd7 8. Be3
Be7 9. h4 O-O 10. Qh5 Re8 11. O-O-O a6 12. f4 Bf8 13. f5 exf5 14. Qxf7+ Kxf7
15. Bc4+ Re6 16. Nxe6 Qa5 17. Nc7+ Ke7 18. N3d5+ Kd8 19. Ne6+ Ke8 20. Bd2 Qa4
21. Bb3 Qxe4 22. Rhe1 Rb8 23. Rxe4 fxe4 24. Rf1 Nce5 25. Bb4 Nf3 26. Ndc7+ Ke7
27. Rd1 Nc5 28. Nxc5 a5 29. N5a6 axb4 30. Nxb8 Nxh4 31. Nb5 Bg4 32. Rxd6 e3 33.
Rb6 e2 34. Rxb7+ Kd8 35. Nc6+ 1-0